Swamy's treatise on telephone rules with act, rules, orders, digest, guidelines and case-law : (Record no. 134406)

MARC details
000 -LEADER
fixed length control field 00877nam a22002417a 4500
005 - DATE AND TIME OF LATEST TRANSACTION
control field 20170124110225.0
010 ## - LIBRARY OF CONGRESS CONTROL NUMBER
LC control number A-576010
020 ## - INTERNATIONAL STANDARD BOOK NUMBER
Terms of availability 00.00
035 ## - SYSTEM CONTROL NUMBER
System control number A-576010
037 ## - SOURCE OF ACQUISITION
Source of stock number/acquisition Cen Lib/Ret
040 ## - CATALOGING SOURCE
Original cataloging agency DPL
Language of cataloging EN
082 ## - DEWEY DECIMAL CLASSIFICATION NUMBER
Classification number 343.09943
Item number MUT
100 ## - MAIN ENTRY--PERSONAL NAME
Personal name Muthuswamy
9 (RLIN) 105137
245 ## - TITLE STATEMENT
Title Swamy's treatise on telephone rules with act, rules, orders, digest, guidelines and case-law :
Statement of responsibility, etc by Muthuswamy [and] Brinda
Remainder of title incorporating orders recieved up to 1st November,1992 /
250 ## - EDITION STATEMENT
Edition statement 2nd ed.
260 ## - PUBLICATION, DISTRIBUTION, ETC. (IMPRINT)
Place of publication, distribution, etc Madras
Name of publisher, distributor, etc Swamy Publishers
Date of publication, distribution, etc 1993
270 ## - ADDRESS
Address Sandhya Mansions, 164, R.K.Mutt Road, Post Box No.2468, Raja Annamalaipuram
City Madras
Postal code 600 028
300 ## - PHYSICAL DESCRIPTION
Extent xxxvi, 831p.
Dimensions 21cm(Hb)
650 ## - SUBJECT ADDED ENTRY--TOPICAL TERM
Topical term or geographic name as entry element Indian telegraph rules
9 (RLIN) 40646
650 ## - SUBJECT ADDED ENTRY--TOPICAL TERM
Topical term or geographic name as entry element Telephone -- connections
9 (RLIN) 40647
700 ## - ADDED ENTRY--PERSONAL NAME
Personal name Brinda
9 (RLIN) 39133
942 ## - ADDED ENTRY ELEMENTS (KOHA)
Source of classification or shelving scheme Dewey Decimal Classification
Koha item type English Books
Classification part 343.09943
Call number suffix MUT
Holdings
Withdrawn status Lost status Damaged status Not for loan Collection code Home library Current library Date acquired Source of acquisition Cost, normal purchase price Total Checkouts Full call number Barcode Date last seen Copy number Cost, replacement price Price effective from Koha item type
      Not For Loan Reference Central Library Central Library 30/07/2015 Cen Lib/Ret 0.00   343.09943 MUT A-576010 30/07/2015 1 0.00 30/07/2015 English Books

© Delhi Public Library
Hit Counter
free hit counter